[Event "London Classic op U1600 11th"]
[Site "London"]
[Date "2019.12.01"]
[Round "4"]
[White "White, Nigel1111"]
[Black "Duke, Dillan"]
[Result "0-1"]
[WhiteElo "1371"]
[BlackElo "1120"]
[PlyCount "108"]
[EventDate "2019.11.29"]
[EventType "swiss"]
[EventRounds "5"]
[EventCountry "ENG"]
[SourceTitle "CBM 195 Extra"]
[Source "ChessBase"]
[SourceDate "2020.05.31"]
[SourceVersion "1"]
[SourceVersionDate "2020.05.31"]
[SourceQuality "1"]

1. e4 e6 2. d4 d5 3. Nd2 Ne7 4. Bd3 dxe4 5. Nxe4 Nf5 6. Nf3 Nc6 7. c3 Bd6 8. Nxd6+ Nxd6 9. 0-0 b6 10. Qc2 h5 11. Re1 Bb7 12. Qe2 Qd7 13. d5 Nd8 14. dxe6 Nxe6 15. Ne5 Qe7 16. Nxf7 Kxf7 17. Bf4 Rae8 18. Bxd6 Qxd6 19. Bc4 Qc6 20. f3 Qc5+ 21. Kf1 Bd5 22. Bxd5 Qxd5 23. Rad1 Qxa2 24. Qb5 Qa5 25. Qc4 Qc5 26. Qa2 a5 27. Rd7+ Kf6 28. Rd5 Qc6 29. Rde5 Nc5 30. Qd5 Qxd5 31. Rxd5 Rxe1+ 32. Kxe1 Re8+ 33. Kd2 g6 34. g3 Re7 35. Rd8 Rd7+ 36. Rxd7 Nxd7 37. Kd3 Ke5 38. f4+ Kd5 39. c4+ Kd6 40. Kd4 Nf6 41. h3 c5+ 42. Ke3 Kc6 43. Kd3 b5 44. b3 a4 45. Kc2 axb3+ 46. Kxb3 bxc4+ 47. Kxc4 Kd6 48. h4 Ne4 49. Kd3 Nxg3 50. Kc4 Nf5 51. Kd3 Nxh4 52. Ke4 Ng2 53. Kf3 Nxf4 54. Kxf4 Kd5 0-1

[Event "London Classic op U1600 11th"]
[Site "London"]
[Date "2019.11.30"]
[Round "3"]
[White "Duke, Dillan"]
[Black "Cho, Yongwoo"]
[Result "1/2-1/2"]
[WhiteElo "1120"]
[BlackElo "1314"]
[PlyCount "137"]
[EventDate "2019.11.29"]
[EventType "swiss"]
[EventRounds "5"]
[EventCountry "ENG"]
[SourceTitle "CBM 195 Extra"]
[Source "ChessBase"]
[SourceDate "2020.05.31"]
[SourceVersion "1"]
[SourceVersionDate "2020.05.31"]
[SourceQuality "1"]

1. e4 d5 2. exd5 Qxd5 3. Nc3 Qa5 4. Nf3 Nf6 5. g3 Bg4 6. Bg2 e6 7. 0-0 Bd6 8. d3 c6 9. Be3 0-0 10. Qd2 Qc7 11. Rfe1 Nbd7 12. Ne4 Nxe4 13. dxe4 Rfe8 14. Rad1 Ne5 15. Qxd6 Qxd6 16. Rxd6 Bxf3 17. Rd4 Rad8 18. Rxd8 Rxd8 19. Bxa7 h6 20. c3 Rd2 21. Bd4 Nd3 22. Rb1 Bxg2 23. Kxg2 c5 24. Be3 Rc2 25. Rd1 Nxb2 26. Rd8+ Kh7 27. Bxc5 Rxc3 28. Bd4 Rd3 29. Bb6 Ra3 30. Rd7 Kg6 31. Rxb7 Rxa2 32. h4 Nc4 33. Kf3 Nxb6 34. Rxb6 Ra3+ 35. Kf4 Ra2 36. f3 Ra4 37. g4 h5 38. g5 Ra5 39. Rc6 Kh7 40. Rc7 Kg8 41. Rc8+ Kh7 42. Rc7 e5+ 43. Kf5 Ra3 44. Rxf7 Rxf3+ 45. Ke6 Rf4 46. Re7 Rxe4 47. Kf5 Rxh4 48. g6+ Kh6 49. Rxe5 Rh1 50. Kf4 Rf1+ 51. Kg3 Rf6 52. Re8 Rxg6+ 53. Kh4 Rg4+ 54. Kh3 Kg5 55. Rf8 h4 56. Rf7 Rg3+ 57. Kh2 g6 58. Rh7 Kg4 59. Rg7 g5 60. Rf7 Rf3 61. Rg7 h3 62. Rg8 Rf2+ 63. Kg1 Rg2+ 64. Kh1 Kf3 65. Rf8+ Kg3 66. Rf3+ Kg4 67. Rf4+ Kg3 68. Rf3+ Kh4 69. Rxh3+ 1/2-1/2